MARC details
| 000 -CABECERA |
| campo de control de longitud fija |
01374nam a2200205 a 4500 |
| 001 - NÚMERO DE CONTROL |
| campo de control |
000024725 |
| 005 - FECHA Y HORA DE LA ÚLTIMA TRANSACCIÓN |
| campo de control |
20200930023331.0 |
| 008 - DATOS DE LONGITUD FIJA--INFORMACIÓN GENERAL |
| campo de control de longitud fija |
110127s1968 sp r 000 j spa d |
| 040 ## - FUENTE DE LA CATALOGACIÓN |
| Centro catalogador/agencia de origen |
DO-SdBNP |
| Lengua de catalogación |
spa |
| Centro/agencia transcriptor |
BNPHU |
| 082 ## - NÚMERO DE LA CLASIFICACIÓN DECIMAL DEWEY |
| Número de clasificación |
808.831 |
| Número de documento/Ítem |
A634m, 1968 |
| 245 00 - MENCIÓN DE TÍTULO |
| Título |
Antología de las mejores novelas policíacas / |
| Mención de responsabilidad, etc. |
selección de José A. Llorens. |
| 250 ## - MENCIÓN DE EDICIÓN |
| Mención de edición |
2a ed. |
| 260 ## - PUBLICACIÓN, DISTRIBUCIÓN, ETC. |
| Lugar de publicación, distribución, etc. |
Barcelona : |
| Nombre del editor, distribuidor, etc. |
Acervo , |
| Fecha de publicación, distribución, etc. |
1968. |
| 300 ## - DESCRIPCIÓN FÍSICA |
| Extensión |
420 p. ; |
| Dimensiones |
20 cm. |
| 505 0# - NOTA DE CONTENIDO CON FORMATO |
| Información miscelánea |
v.9 |
| Título |
Maese Cornelius / |
| Mención de responsabilidad |
Honorato de Balzac |
| Título |
Una cama terriblemente extraña / |
| Mención de responsabilidad |
William Wilkie Collins |
| Título |
Por falta de pruebas / |
| Mención de responsabilidad |
William Wilkie Collins |
| Título |
Desapacion / |
| Mención de responsabilidad |
Joseph Payne Brennan |
| Título |
Adiós , Mr. Bliss / |
| Mención de responsabilidad |
Joseph Payne Brennan |
| Título |
Humo / |
| Mención de responsabilidad |
William Faulkner |
| Título |
Declaro abierta la sesión / |
| Mención de responsabilidad |
William North Jayne |
| Título |
La zambullida / |
| Mención de responsabilidad |
Roald Dahl |
| Título |
Una coartada de dos minutos / |
| Mención de responsabilidad |
George Harmon Coxe |
| Título |
Cherchez la frame / |
| Mención de responsabilidad |
Stuart Palmer y Craig Rice |
| Título |
Una vez en un tren... / |
| Mención de responsabilidad |
Stuart Palmer y Craig Rice |
| Título |
Un asesino refinado / |
| Mención de responsabilidad |
Jack Ritchie |
| Título |
Justice, Inc. / |
| Mención de responsabilidad |
Rog Phillips |
| Título |
Maniático / |
| Mención de responsabilidad |
Fredric Brown |
| Título |
El ultimo en morir / |
| Mención de responsabilidad |
Ellery Queen |
| Título |
Crimen con retorno / |
| Mención de responsabilidad |
M. A. Guerendiain |
| Título |
La pulsera / |
| Mención de responsabilidad |
Paul Sartoris |
| Título |
La casualidad vengadora / |
| Mención de responsabilidad |
Anthony Berkeley |
| 650 #4 - PUNTO DE ACCESO ADICIONAL DE MATERIA--TÉRMINO DE MATERIA |
| Término de materia o nombre geográfico como elemento de entrada |
Novela policíaca |
| Subdivisión general |
Colecciones |
| 9 (RLIN) |
50055 |
| 650 #4 - PUNTO DE ACCESO ADICIONAL DE MATERIA--TÉRMINO DE MATERIA |
| Término de materia o nombre geográfico como elemento de entrada |
Literatura |
| Subdivisión general |
Colecciones |
| 9 (RLIN) |
40253 |
| 700 12 - PUNTO DE ACCESO ADICIONAL--NOMBRE DE PERSONA |
| Nombre de persona |
Llorens, José A. |
| 9 (RLIN) |
4194 |
| 910 ## - DATOS DE OPCIÓN DEL USUARIO (OCLC) |
| Datos de opción del usuario |
Validado. Control de calidad MFF |